000 00931nas a2200277 4500
001 BR0808181
003 BR-BrBNA
005 20231205112818.0
007 ta
008 230509b bl.|||p| |||| 00| 00por d
040 _aBR-BrBNA
_bpor
_cBiblioteca Nacional de Agricultura
041 _a(Pt)
072 _aL01; L70
100 1 _aOliveira, P.C.L. de
100 1 _aPaneto, J.C. do C.
100 1 _aRuas Neto, J.F.
100 1 _aSilva, R.C.
245 1 _aPadronização da técnica de execução e parâmetros eletrocardiográficos normais, em derivações periféricas, para bovinos indianos adultos (Bos taurus indicus)da raça Nelore
650 _aPADRONIZAÇÃO
650 _aELETROCARDIOGRAMA
650 _aBOVINO
650 _aGADO NELORE
773 0 _tRevista Ceres (Brazil)
_xISSN 0034-737X
_g(May-Jun 2008), v. 55(3) p. 224-230
_wBR0808181
909 _a202311
_bLúcia
_c55
_dLúcia Elande
942 _2AGRIS
_n0
_cANA
999 _c200137
_d200137